Nutrition of Hevea brasiliensis. II. Effect of nutrient deficiencies on growth, chlorophyll, rubber and mineral contents of TJIR and JI seedlings (Record no. 64256)

MARC details
000 -LEADER
fixed length control field 00527nam a2200157Ia 4500
100 ## - MAIN ENTRY--AUTHOR NAME
Personal name Bolle-Jones E W
245 #0 - TITLE STATEMENT
Title Nutrition of Hevea brasiliensis. II. Effect of nutrient deficiencies on growth, chlorophyll, rubber and mineral contents of TJIR and JI seedlings
260 ## - PUBLICATION, DISTRIBUTION, ETC. (IMPRINT)
Name of publisher Journal of the Rubber Research Institute of Malaya
Year of publication 1954
300 ## - PHYSICAL DESCRIPTION
Number of Pages 209-230
650 ## - SUBJECT ADDED ENTRY--TOPICAL TERM
Topical Term Growth
650 ## - SUBJECT ADDED ENTRY--TOPICAL TERM
Topical Term Hevea brasiliensis
650 ## - SUBJECT ADDED ENTRY--TOPICAL TERM
Topical Term Minerals
650 ## - SUBJECT ADDED ENTRY--TOPICAL TERM
Topical Term Nutrition
942 ## - ADDED ENTRY ELEMENTS (KOHA)
Koha item type Journals
Holdings
Withdrawn status Lost status Damaged status Not for loan Home library Current library Shelving location Date acquired Serial Enumeration / chronology Koha item type
      Journals RRII Library RRII Library Physiology 17/12/2021 Volume 14, Issue 290 Journals